| 000 | 00477nam a2200169Ia 4500 | ||
|---|---|---|---|
| 999 |
_c13978 _d13978 |
||
| 003 | OSt | ||
| 005 | 20201020111335.0 | ||
| 008 | 190216s9999||||xx |||||||||||||| ||und|| | ||
| 040 | _coclc | ||
| 082 |
_a891.4 _bTAG/W |
||
| 100 | 1 |
_aTagore, Rabindranath _d1861-1941 _938 |
|
| 245 | 4 |
_aThe Wreck / _cRabindranath Tagore |
|
| 260 |
_bMacmillan, _c1980. _aMadras: |
||
| 300 | _a414p | ||
| 650 | _aEnglish Novel | ||
| 942 |
_cBK _2ddc _h891.4 _iTAG/W _k891.4 _mTAG/W |
||